000 00493cam a2200157ua 4500
003 OSt
008 240220b |||||||| |||| 00| 0 eng d
041 _aeng
082 _a631.433
_bPUB/GE
245 _aGeomechanics in tropical soils /
250 _a1 /
260 _aUSA :
_bA Abalkerma / Rotterdam / Brookfield,
_c1988.
300 _a444 ; .
490 _aProceedings of the Second International Conference on Geomechanics in Tropical Soils Singapore / 12-14 December 1988
942 _cBK
999 _c6738
_d6738